000 00624nam a2200217Ii 4500
001 15049
003 CO-ViMGA
008 241108s9999||||xx |||||||||||||| ||und||
020 _a9588093956
040 _aCO-ViMGA
_bspa
_erda
_cCO-ViMGA
041 0 _aspa
084 _aC SEP2
100 1 _aSepúlveda, Luis,
_d1949-
_952098
245 1 0 _aAún creemos en los sueños
264 1 _aBogotá, Colombia : Ediciones Desde Abajo, 2008
300 _avolumen
336 _atext
_btxt
_2rdacontent
337 _aunmediated
_bn
_2rdamedia
338 _avolume
_bnc
_2rdacarrier
940 _aidficha_siabuc: 14738. -- ficha_no_siabuc:15049
999 _c46865
_d46865